Prijímacie konanie na slovenské vysoké školy údaje z roku 2019 aj v kontexte desaťročného vývoja

V príspevku sú nové údaje z prijímacieho konania na vysoké školy SR na akademický rok 2019/2020. Údaje roku 2019 poukazujú na malý medziročný nárast v počte prihlášok i v počte prihlásených osôb. Zaujímavé sú čísla účasti zahraničných uchádzačov, ktoré poukazujú na zvýšenie ich počtu, a tým aj náras...

Descripción completa

Guardado en:
Detalles Bibliográficos
Autor principal: Antalíková, Štefánia
Formato: Capítulo de libro
Lenguaje:eslovaco
Materias:
Etiquetas: Agregar Etiqueta
Sin Etiquetas, Sea el primero en etiquetar este registro!

MARC

LEADER 00000naa a2200000 4500
001 0269582
005 20201028112835.7
041 0 |a slo 
044 |a SK 
245 1 0 |a Prijímacie konanie na slovenské vysoké školy  |b údaje z roku 2019 aj v kontexte desaťročného vývoja  |c Štefánia Antalíková 
520 |a V príspevku sú nové údaje z prijímacieho konania na vysoké školy SR na akademický rok 2019/2020. Údaje roku 2019 poukazujú na malý medziročný nárast v počte prihlášok i v počte prihlásených osôb. Zaujímavé sú čísla účasti zahraničných uchádzačov, ktoré poukazujú na zvýšenie ich počtu, a tým aj nárast ich podielu v prijímacom konaní na vysoké školy SR. Sú zverejnené aj nové údaje osobitne pre aktuálnych maturantov a s nimi spojené špecifiká. 
610 2 0 |a školy vysoké 
610 2 0 |a skúšky prijímacie 
610 2 0 |a študenti 
610 2 0 |a vzdelanie vysokoškolské 
610 2 0 |a údaje štatistické 
610 2 0 |a Slovensko 
100 1 |a Antalíková, Štefánia